Nemesis /
Zombie. Zmutovaná zvířata. Biologické zbraně a chirurgicky vylepšená monstra. Tajné laboratoře a rozsáhlá spiknutí. Zdálo se to nemožné, jenže Jill Valentineová a členové jejího týmu S. T. A. R. S. viděli na vlastní oči, když korporace Umbrella proměnila Raccoon City v jeviště nejzákeřnější...
Uloženo v:
| Série: | Resident Evil,
část 5 |
|---|---|
| Hlavní autor: | |
| Médium: | E-kniha |
| Jazyk: | Czech |
| Vydáno: |
Praha :
Fantom Print,
2016
|
| Příbuzné jednotky: | Z cyklu::
Resident Evil |
| Tagy: |
Žádné tagy |
| LEADER | 02726nam a22002417i 4500 | ||
|---|---|---|---|
| 001 | 296399 | ||
| 007 | ta | ||
| 008 | 260407s2016 xr ||||| |||| 00| 0 cze d | ||
| 020 | |a 9990001624217 | ||
| 044 | |a xr | ||
| 100 | 1 | |a Perry, S. D. |4 aut | |
| 245 | 1 | 0 | |a Nemesis / |c Perry, S. D. |
| 240 | 1 | 0 | |a Nemesis |
| 264 | 1 | |a Praha : |b Fantom Print, |c 2016 | |
| 300 | |a 1 online zdroj (256 stran) | ||
| 336 | |a text |b txt |2 rdacontent | ||
| 337 | |a bez média |b n |2 rdamedia | ||
| 338 | |a online zdroj |b cr |2 rdacarrier | ||
| 520 | 2 | |a Zombie. Zmutovaná zvířata. Biologické zbraně a chirurgicky vylepšená monstra. Tajné laboratoře a rozsáhlá spiknutí. Zdálo se to nemožné, jenže Jill Valentineová a členové jejího týmu S. T. A. R. S. viděli na vlastní oči, když korporace Umbrella proměnila Raccoon City v jeviště nejzákeřnějších genetických experimentů, jaké kdy byly provedeny. Po všem, čím si Valentineová prošla, je připravena jednou provždy tu izolovanou horskou komunitu opustit. Jenže Umbrella s Raccoon City ještě neskončila. Stále existuje příliš mnoho důkazů o jejích neetických a nemorálních výzkumech. Musí je získat zpátky nebo je zničit – a to rychle –, než bude jejich původ vystopován zpátky k Umbrelle. A protože se městem jako stepní požár šíří mutagenní virus Williama Birkina, je třeba sáhnout po drastických opatřeních. Pod rouškou noci vstoupily do města týmy žoldáků, ale také něco jiného – pojistka Umbrelly: vylepšená verze jejích zabijáckých mašin třídy Tyran, smrtící stvůra s krycím jménem Nemesis, která vyrazila na lov. A Jill Valentineová je její kořistí. Americká spisovatelka S. D. Perry, dcera i u nás známého autora Stevea Perryho, se narodila v roce 1970, v současnosti žije v oregonském Portlandu s manželem, dvěma dětmi a dvěma psy. Kromě povídek a filmových novelizací (např. Timecop) se specializuje na knihy zasazené do populárních filmových a videohrních sci-fi sérií, jako jsou Vetřelci, Vetřelci vs. Predátor nebo Star Trek. Do kultovního světa akční zombie videohry Resident Evil (1998–2004) zasadila celkem sedm knih, počínaje Konspirací Umbrella a konče titulem Zero Hour. | |
| 787 | 0 | 8 | |g 5 |i Z cyklu: |t Resident Evil |
| 910 | |a RBIT002 | ||
| 998 | |d 162421 |a https://core.palmknihy.cz/api/books/162421/cover?3iv9lk |b https://core.palmknihy.cz/api/books/162421/cover/400?kbm468 |c https://core.palmknihy.cz/api/books/162421/cover/50?lzyqm8 |e 2029-02-28 |g 256 |i 9990001624217 |j https://core.palmknihy.cz/api/books/162421/preview.epub |l |q 49 |r 1 |s https://www.palmknihy.cz/kniha/162421 |t ebook |y 2016 |z 1 |v Resident Evil |w 5 | ||
| 999 | |d 296397 | ||